000 00538 a2200181 4500
999 _c5170
_d5170
010 _aENG-86759
020 _c25.00
_a8126022329
035 _aEN-70292
037 _bDBAD / PUB
082 1 4 _a883.092
100 _aAmur, G.S.
245 1 _aShantinath Desai /
_cby G.S. Amur
260 _aNew Delhi
_bSahitya Akademi
_c2006
270 _aRabindra Bhavan, 35 Ferozeshah Road,
_bNew Delhi
_e110 001
_cKarnataka
300 _a87p
_c22cm (pbk)
490 _aMakers of Indian literature
942 _adpl
_cEN
_2ddc
_h883.092
_mAMU